Misleading Pokemon Quiz - Statistics

General Stats
  • This quiz has been taken 64 times
    34 since last reset
  • The average score is 7 of 10
Answer Stats
Question Answer % Correct
Which Pokemon is a dark type?
95%
Which Pokemon is NOT a normal type?
85%
Which is NOT a Dragon Type Pokémon?
80%
Which is a Grass Type Pokemon?
80%
Which Pokemon is NOT a ghost type?
80%
Which is the strongest Pokemon? (Base Stat Total)
70%
Which is the weakest Pokemon? (Base Stat Total)
60%
Which is the Pokemon with the highest special attack?
55%
Which Pokemon can learn the move thunder punch?
55%
What Pokemon has the highest Speed Stat?
40%
No matching quizzes found
Score Distribution
Percent of People with Each Score
Percentile by Number Answered
Your Score History
You have not taken this quiz since the last reset